[Event "GER-ch Net qual4 U14"]
[Site "Playchess.com INT"]
[Date "2009.06.17"]
[Round "1"]
[White "Engesser, Jonas"]
[Black "Bounine, Daniel"]
[Result "0-1"]
[WhiteElo "1408"]
[BlackElo "1685"]
[PlyCount "72"]
[EventDate "2009.06.17"]
[EventType "swiss (blitz)"]
[EventRounds "7"]
[EventCountry "GER"]
[SourceTitle "CBM 130 Extra"]
[Source "ChessBase"]
[SourceDate "2009.07.02"]
[SourceVersion "2"]
[SourceVersionDate "2009.07.15"]
[SourceQuality "1"]

1. e4 c5 2. Nf3 Nc6 3. d4 cxd4 4. Nxd4 Nf6 5. Nc3 e6 6. Be3 Bb4 7. Qd3 Ne5 8. Qd1 Nxe4 9. Bd2 Nxd2 10. Qxd2 0-0 11. Bd3 Nxd3+ 12. Qxd3 Bxc3+ 13. Qxc3 d5 14. 0-0-0 Bd7 15. h4 Rc8 16. Qd3 Qc7 17. c3 a6 18. Nf3 b5 19. Ng5 g6 20. h5 b4 21. hxg6 fxg6 22. Rxh7 Qf4+ 23. Qe3 bxc3 24. Qxf4 cxb2+ 25. Kxb2 Rb8+ 26. Qb4 Rxb4+ 27. Kc3 Rc4+ 28. Kd3 Bc8 29. Rdh1 Rxf2 30. Rh8+ Kg7 31. R1h7+ Kf6 32. Rf8+ Kxg5 33. Rxf2 e5 34. Rc2 e4+ 35. Kd2 e3+ 36. Kd3 Bf5+ 0-1

[Event "GER-ch Net qual4 U14"]
[Site "Playchess.com INT"]
[Date "2009.06.17"]
[Round "6"]
[White "Mager, Denis"]
[Black "Bounine, Daniel"]
[Result "1-0"]
[WhiteElo "1607"]
[BlackElo "1685"]
[PlyCount "111"]
[EventDate "2009.06.17"]
[EventType "swiss (blitz)"]
[EventRounds "7"]
[EventCountry "GER"]
[SourceTitle "CBM 130 Extra"]
[Source "ChessBase"]
[SourceDate "2009.07.02"]
[SourceVersion "2"]
[SourceVersionDate "2009.07.15"]
[SourceQuality "1"]

1. Nf3 d5 2. c4 dxc4 3. e3 Be6 4. Nd4 Bd5 5. f3 Nf6 6. Nc3 e5 7. Nxd5 Qxd5 8. Nc2 Bc5 9. Qe2 b5 10. a4 c6 11. Na3 Bxa3 12. Rxa3 0-0 13. b3 b4 14. bxc4 Qd7 15. Ra1 c5 16. Bb2 Nc6 17. Qd3 Qxd3 18. Bxd3 Rfd8 19. Bc2 Nd7 20. Kf1 Na5 21. d3 f6 22. Ke2 b3 23. Bd1 Nf8 24. Bc3 Nc6 25. Bxb3 Rab8 26. Bc2 Ne6 27. Rab1 Nb4 28. Bxb4 cxb4 29. Bb3 Nc5 30. Rhd1 Kf7 31. d4 exd4 32. exd4 Re8+ 33. Kf2 Ne6 34. c5 a5 35. Re1 f5 36. Rb2 Kf6 37. Rd2 Rbd8 38. Red1 Re7 39. Bxe6 Rxe6 40. d5 Re5 41. c6 b3 42. d6 b2 43. Rxb2 Ke6 44. d7 Rc5 45. Rb6 Ke7 46. Re1+ Kd6 47. Re8 Rxc6 48. Rxc6+ Kxd7 49. Rxd8+ Kxd8 50. Ra6 Kc7 51. Rxa5 Kb6 52. Rxf5 g5 53. Rxg5 h6 54. Rg6+ Ka5 55. Ke3 Kxa4 56. Kd4 1-0

[Event "GER-ch Net qual3 U14"]
[Site "Playchess.com INT"]
[Date "2009.05.17"]
[Round "1"]
[White "Knopf, Felix"]
[Black "Bounine, Daniel"]
[Result "0-1"]
[WhiteElo "1529"]
[BlackElo "1685"]
[PlyCount "90"]
[EventDate "2009.05.17"]
[EventType "swiss (blitz)"]
[EventRounds "7"]
[EventCountry "GER"]
[SourceTitle "CBM 130 Extra"]
[Source "ChessBase"]
[SourceDate "2009.07.02"]
[SourceVersion "2"]
[SourceVersionDate "2009.07.15"]
[SourceQuality "1"]

1. d4 d5 2. c4 e6 3. Nf3 Nf6 4. Nc3 c6 5. Bg5 Nbd7 6. e3 Qa5 7. a3 Ne4 8. Qc2 Bb4 9. Rc1 Bxc3+ 10. bxc3 Qxa3 11. cxd5 cxd5 12. Bd3 Nxg5 13. Nxg5 h6 14. Nf3 0-0 15. 0-0 a6 16. c4 dxc4 17. Bxc4 b5 18. Bb3 Bb7 19. Nd2 Rfc8 20. Qd3 Rxc1 21. Rxc1 Qxc1+ 22. Nf1 Rc8 23. d5 exd5 24. Bxd5 Bxd5 25. Qxd5 Qc6 26. Qb3 Nc5 27. Qa3 Re8 28. Qa2 Re6 29. Qd2 Rg6 30. f3 Qd6 31. Qc2 Rg5 32. f4 Qg6 33. Qd2 Rh5 34. Qd8+ Kh7 35. Qd2 Ne4 36. Qe2 a5 37. g4 Rh4 38. h3 Rxh3 39. Nh2 Rg3+ 40. Kf1 Qc6 41. Qd3 Qc1+ 42. Ke2 Rg2+ 43. Kf3 Rxh2 44. Qxe4+ g6 45. Qe7 Qh1+ 0-1

[Event "GER-ch Net qual3 U14"]
[Site "Playchess.com INT"]
[Date "2009.05.17"]
[Round "5"]
[White "Wastian, Jan"]
[Black "Bounine, Daniel"]
[Result "1-0"]
[WhiteElo "1529"]
[BlackElo "1685"]
[PlyCount "81"]
[EventDate "2009.05.17"]
[EventType "swiss (blitz)"]
[EventRounds "7"]
[EventCountry "GER"]
[SourceTitle "CBM 130 Extra"]
[Source "ChessBase"]
[SourceDate "2009.07.02"]
[SourceVersion "2"]
[SourceVersionDate "2009.07.15"]
[SourceQuality "1"]

1. e4 c5 2. c3 Nf6 3. e5 Nd5 4. d4 cxd4 5. cxd4 Nc6 6. Nf3 e6 7. Bc4 Nb6 8. Bb3 Bb4+ 9. Nc3 0-0 10. 0-0 d6 11. a3 Bxc3 12. bxc3 dxe5 13. Nxe5 Nxe5 14. dxe5 Bd7 15. Bf4 Rc8 16. Rc1 Bb5 17. Re1 Qe7 18. a4 Bxa4 19. Bxa4 Nxa4 20. Qxa4 a6 21. c4 Qc5 22. Red1 Rfe8 23. h3 h6 24. Rd7 b6 25. Qxa6 Ra8 26. Qb5 Qa3 27. Qxb6 Rab8 28. Qd6 Qa4 29. Qc7 Rf8 30. Be3 Rbc8 31. Qa7 Rxc4 32. Qxa4 Rxa4 33. Rcc7 Re4 34. Bc5 Ra8 35. Bd6 Ra1+ 36. Kh2 Ree1 37. Rxf7 Rh1+ 38. Kg3 g5 39. Rg7+ Kh8 40. Rh7+ Kg8 41. Rcg7# 1-0

[Event "Niedersachsen-ch U14"]
[Site "Rotenburg"]
[Date "2009.04.06"]
[Round "4"]
[White "Heyne, Lukas"]
[Black "Bounine, Daniel"]
[Result "1-0"]
[WhiteElo "1806"]
[BlackElo "1700"]
[PlyCount "39"]
[EventDate "2009.04.04"]
[EventType "swiss"]
[EventRounds "9"]
[EventCountry "GER"]
[SourceTitle "EXT 2010"]
[Source "ChessBase"]
[SourceDate "2010.11.25"]
[SourceVersion "1"]
[SourceVersionDate "2010.11.25"]
[SourceQuality "1"]

1. e4 c5 2. Nf3 Nc6 3. d4 cxd4 4. Nxd4 Nf6 5. Nc3 e6 6. Ndb5 Bb4 7. a3 Bxc3+ 8. Nxc3 d5 9. Bd3 d4 10. Ne2 h6 11. 0-0 e5 12. h3 0-0 13. f4 exf4 14. Bxf4 Re8 15. Ng3 b6 16. Nh5 Nxe4 17. Bxe4 Rxe4 18. Bxh6 Rh4 19. Bxg7 Rxh5 20. Qxh5 1-0

[Event "Niedersachsen-ch U14"]
[Site "Rotenburg"]
[Date "2009.04.04"]
[Round "1"]
[White "Bounine, Daniel"]
[Black "Thumulka, Patrick"]
[Result "0-1"]
[WhiteElo "1700"]
[BlackElo "1894"]
[PlyCount "82"]
[EventDate "2009.04.04"]
[EventType "swiss"]
[EventRounds "9"]
[EventCountry "GER"]
[SourceTitle "EXT 2010"]
[Source "ChessBase"]
[SourceDate "2010.11.25"]
[SourceVersion "1"]
[SourceVersionDate "2010.11.25"]
[SourceQuality "1"]

1. e4 e6 2. d4 d5 3. exd5 exd5 4. c4 Nf6 5. Nc3 Bb4 6. Bg5 0-0 7. Bd3 dxc4 8. Bxc4 Nbd7 9. Nge2 Nb6 10. Bb3 h6 11. Bh4 Bxc3+ 12. bxc3 Bf5 13. 0-0 c6 14. Ng3 Bg6 15. Qf3 Nbd7 16. Nf5 Bxf5 17. Qxf5 Qb6 18. Rab1 Qa6 19. Rfe1 Rae8 20. Qg6 Rxe1+ 21. Rxe1 Qa3 22. h3 Qxb3 23. Qxf6 Qxc3 24. Qe7 Qxd4 25. Re4 Qd5 26. Rg4 Qe6 27. Qb4 f5 28. Rg3 Nb6 29. Qd4 Qf7 30. Bd8 Nd5 31. Ba5 b6 32. Bd2 Kh7 33. Bc1 Qf6 34. Qd2 Rf7 35. Bb2 Qe6 36. Qd4 Qf6 37. Qd2 Qe7 38. Qd4 Qd7 39. Qe5 Re7 40. Qd4 Nf6 41. Qh4 Re4 0-1

[Event "Niedersachsen-ch op"]
[Site "Verden"]
[Date "2009.01.06"]
[Round "7"]
[White "Bounine, Daniel"]
[Black "Boehning, Kilian"]
[Result "1-0"]
[WhiteElo "1720"]
[BlackElo "1048"]
[PlyCount "71"]
[EventDate "2009.01.03"]
[EventType "swiss"]
[EventRounds "7"]
[EventCountry "GER"]
[SourceTitle "EXT 2012"]
[Source "ChessBase"]
[SourceDate "2011.11.24"]
[SourceVersion "1"]
[SourceVersionDate "2011.11.24"]
[SourceQuality "1"]

1. e4 e5 2. Nf3 Nc6 3. Bc4 Bc5 4. c3 d6 5. Bb3 Bd7 6. d3 f6 7. Nbd2 Qe7 8. Bc2 0-0-0 9. b4 Bb6 10. a4 a5 11. b5 Na7 12. Nc4 Be6 13. Nxb6+ cxb6 14. Bb3 d5 15. exd5 Bxd5 16. Be3 Qe6 17. Bxd5 Rxd5 18. Rc1 Kd8 19. c4 Rd7 20. c5 bxc5 21. Bxc5 Nc8 22. Qc2 Nge7 23. 0-0 b6 24. Be3 Ke8 25. Qxc8+ Nxc8 26. Rxc8+ Rd8 27. Rc6 Rd6 28. Rfc1 Kf7 29. Bxb6 Rxc6 30. Rxc6 Qb3 31. Rc7+ Kg6 32. g4 h5 33. g5 Qxa4 34. Rc4 Qxb5 35. Nh4+ Kxg5 36. Be3# 1-0

[Event "Niedersachsen-ch op"]
[Site "Verden"]
[Date "2009.01.05"]
[Round "5"]
[White "Bounine, Daniel"]
[Black "Langenfeld, Stefan"]
[Result "1/2-1/2"]
[WhiteElo "1720"]
[BlackElo "1960"]
[PlyCount "55"]
[EventDate "2009.01.03"]
[EventType "swiss"]
[EventRounds "7"]
[EventCountry "GER"]
[SourceTitle "EXT 2012"]
[Source "ChessBase"]
[SourceDate "2011.11.24"]
[SourceVersion "1"]
[SourceVersionDate "2011.11.24"]
[SourceQuality "1"]

1. e4 c5 2. Nf3 Nc6 3. d4 cxd4 4. Nxd4 e5 5. Nb5 d6 6. N1c3 Nf6 7. Bg5 a6 8. Na3 b5 9. Nd5 Be7 10. Bxf6 Bxf6 11. c3 0-0 12. Be2 Bg5 13. 0-0 Kh8 14. Nc2 f5 15. f3 Be6 16. Qd3 Bxd5 17. Qxd5 Qb6+ 18. Kh1 Ne7 19. Qd3 Rf6 20. Rad1 Raf8 21. Nb4 fxe4 22. Qxe4 Nf5 23. g4 Rh6 24. Nd5 Ng3+ 25. Kg2 Qf2+ 26. Kxf2 Nxe4+ 27. Kg2 Nc5 28. c4 1/2-1/2

[Event "Niedersachsen-ch op"]
[Site "Verden"]
[Date "2009.01.03"]
[Round "1"]
[White "Bounine, Daniel"]
[Black "Jacobi, Felix Hagen"]
[Result "0-1"]
[WhiteElo "1720"]
[BlackElo "1873"]
[PlyCount "118"]
[EventDate "2009.01.03"]
[EventType "swiss"]
[EventRounds "7"]
[EventCountry "GER"]
[SourceTitle "EXT 2012"]
[Source "ChessBase"]
[SourceDate "2011.11.24"]
[SourceVersion "1"]
[SourceVersionDate "2011.11.24"]
[SourceQuality "1"]

1. e4 e6 2. d4 d5 3. exd5 exd5 4. c4 Bf5 5. Qb3 Nc6 6. cxd5 Nb4 7. Na3 Qxd5 8. Qxd5 Nxd5 9. Nc4 Bb4+ 10. Bd2 Bxd2+ 11. Kxd2 0-0-0 12. Ne3 Bg6 13. Bc4 Ngf6 14. Bxd5 Nxd5 15. Nxd5 Rxd5 16. Kc3 Rhd8 17. Ne2 R8d6 18. Rac1 Kd7 19. Rhd1 Rb5 20. b3 Be4 21. f3 Bc6 22. Kc4 Rg5 23. Nc3 b6 24. d5 Bb7 25. Rd2 c6 26. dxc6+ Bxc6 27. Rxd6+ Kxd6 28. Rd1+ Kc7 29. Rd2 Re5 30. f4 Re7 31. g3 a6 32. a4 g6 33. Na2 Bd7 34. Nb4 Be6+ 35. Kc3 a5 36. Nc2 Rd7 37. Nd4 Bd5 38. Kb2 Kd6 39. Nb5+ Kc5 40. Ka3 Be6 41. Rc2+ Kd5 42. Nc7+ Kd6 43. Nxe6 Kxe6 44. Rc6+ Rd6 45. Rxd6+ Kxd6 46. b4 Kd5 47. bxa5 bxa5 48. Kb3 Kd4 49. h3 Kd3 50. g4 Kd4 51. f5 g5 52. f6 Kd3 53. Ka3 Kc2 54. Ka2 h6 55. Ka3 Kc3 56. Ka2 Kb4 57. Kb2 Kxa4 58. Ka2 Kb4 59. Kb2 Kc4 0-1

[Event "Niedersachsen-ch U14"]
[Site "Rotenburg"]
[Date "2008.03.20"]
[Round "8"]
[White "Bounine, Daniel"]
[Black "Konow, Philipp"]
[Result "0-1"]
[WhiteElo "1560"]
[BlackElo "1821"]
[PlyCount "74"]
[EventDate "2008.03.15"]
[EventType "swiss"]
[EventRounds "9"]
[EventCountry "GER"]
[SourceTitle "EXT 2009"]
[Source "ChessBase"]
[SourceDate "2008.11.26"]
[SourceVersion "1"]
[SourceVersionDate "2008.11.26"]
[SourceQuality "1"]

1. e4 c5 2. Nf3 Nc6 3. d4 cxd4 4. Nxd4 e5 5. Nb5 d6 6. N1c3 a6 7. Na3 b5 8. Nd5 Be7 9. c3 Nf6 10. Be2 Nxe4 11. Nxe7 Nxe7 12. Bf3 d5 13. Bxe4 dxe4 14. Qe2 Bb7 15. 0-0 0-0 16. Bg5 Qc7 17. Nb1 Ng6 18. a4 Bc6 19. a5 Nf4 20. Bxf4 exf4 21. b4 Qe5 22. Kh1 f3 23. gxf3 Qh5 24. Rg1 exf3 25. Qe3 Rfe8 26. Qd4 g6 27. Qd6 Re6 28. Qd4 Re4 29. Qd1 Bd5 30. Rg3 Rae8 31. Na3 Bb3 32. Qg1 Rh4 33. Rg5 Rxh2+ 34. Qxh2 Qxg5 35. Rg1 Qd2 36. Ra1 Qb2 37. Qg1 Re5 0-1

[Event "Niedersachsen-ch U14"]
[Site "Rotenburg"]
[Date "2008.03.18"]
[Round "6"]
[White "Bounine, Daniel"]
[Black "Duessler, Stefanie"]
[Result "1-0"]
[WhiteElo "1560"]
[BlackElo "1632"]
[PlyCount "157"]
[EventDate "2008.03.15"]
[EventType "swiss"]
[EventRounds "9"]
[EventCountry "GER"]
[SourceTitle "EXT 2009"]
[Source "ChessBase"]
[SourceDate "2008.11.26"]
[SourceVersion "1"]
[SourceVersionDate "2008.11.26"]
[SourceQuality "1"]

1. e4 e5 2. Nf3 Nc6 3. Bc4 Bc5 4. c3 Nf6 5. d3 d6 6. Bb3 Be6 7. Bxe6 fxe6 8. Qb3 Qc8 9. Nbd2 h6 10. Nf1 Bb6 11. Ng3 0-0 12. 0-0 Qd7 13. Rd1 d5 14. h3 Rad8 15. Re1 Qe7 16. Be3 Kh7 17. Bxb6 axb6 18. Qc2 g6 19. b4 d4 20. b5 Na5 21. Nxe5 Qc5 22. Nf3 Qxb5 23. Nxd4 Qd7 24. Rad1 e5 25. Nf3 Qe6 26. d4 Nd7 27. Nf1 c6 28. Ne3 Rde8 29. Ng4 Nc4 30. Qc1 g5 31. Qc2 Kg7 32. Qb3 b5 33. dxe5 Ncxe5 34. Nfxe5 Nxe5 35. Qxe6 Rxe6 36. Nxe5 Rxe5 37. Rd7+ Rf7 38. Rxf7+ Kxf7 39. f3 Rc5 40. Re3 Rc4 41. Kf2 Ra4 42. Re2 Ra3 43. Rc2 Ke6 44. g3 Ke5 45. Ke3 b4 46. f4+ gxf4+ 47. gxf4+ Ke6 48. Kd4 bxc3 49. f5+ Kf6 50. Rf2 c2 51. e5+ Kf7 52. Rxc2 Rxh3 53. Rb2 b5 54. Kc5 Re3 55. Kd6 Rf3 56. f6 Rd3+ 57. Kxc6 Ke6 58. Rf2 Rd8 59. Kxb5 Kxe5 60. f7 Rf8 61. a4 h5 62. a5 h4 63. a6 h3 64. a7 h2 65. Rxh2 Ke6 66. Re2+ Kxf7 67. Rf2+ Ke7 68. Rxf8 Kxf8 69. a8Q+ Kg7 70. Qc6 Kf7 71. Qd6 Kg7 72. Qe6 Kh7 73. Qf6 Kg8 74. Qe7 Kh8 75. Kc5 Kg8 76. Kd5 Kh8 77. Ke5 Kg8 78. Kf6 Kh8 79. Qg7# 1-0

[Event "Hannover-chB"]
[Site "Bueckeburg"]
[Date "2007.11.01"]
[Round "2"]
[White "Gueven, Fatih"]
[Black "Bounine, Daniel"]
[Result "1-0"]
[WhiteElo "1687"]
[BlackElo "1592"]
[PlyCount "107"]
[EventDate "2007.11.01"]
[EventType "swiss"]
[EventRounds "7"]
[EventCountry "GER"]
[SourceTitle "EXT 2021"]
[Source "ChessBase"]
[SourceDate "2020.10.23"]
[SourceVersion "1"]
[SourceVersionDate "2020.10.23"]
[SourceQuality "1"]

1. e4 c5 2. Nf3 Nc6 3. d4 cxd4 4. Nxd4 Nf6 5. Nc3 e6 6. Ndb5 Bb4 7. Nd6+ Ke7 8. Bf4 e5 9. Nf5+ Kf8 10. Bg5 Qa5 11. Bd2 d5 12. a3 Bxc3 13. Bxc3 Qd8 14. f3 Bxf5 15. exf5 Rc8 16. Bb5 Qc7 17. Rc1 Ke7 18. Qe2 Nd7 19. g4 h6 20. 0-0 f6 21. Rcd1 Nb6 22. f4 e4 23. Rxd5 Nxd5 24. Qxe4+ Kf8 25. Qxd5 Rd8 26. Qc4 Qb6+ 27. Kg2 Ne7 28. Bb4 Qd4 29. Qxd4 Rxd4 30. Re1 Rxb4 31. axb4 Kf7 32. Rd1 Rc8 33. c3 a6 34. Bd7 Rc7 35. Be6+ Ke8 36. Kf3 Nc6 37. Ke4 Ke7 38. Rd3 Nd8 39. Bd5 Nc6 40. Bxc6 Rxc6 41. Rd4 Rc8 42. Kd3 Rh8 43. h4 b6 44. Re4+ Kf7 45. Re6 Rb8 46. Re4 Rc8 47. c4 Rc6 48. b3 Rd6+ 49. Rd4 Ke7 50. Rxd6 Kxd6 51. Kd4 Kc6 52. Ke4 Kd6 53. Kd4 Kc6 54. c5 1-0

[Event "Niedersachsen-chT U12"]
[Site "Stade"]
[Date "2007.05.17"]
[Round "1.1"]
[White "Bounine, Daniel"]
[Black "Gussenberg, Torben"]
[Result "0-1"]
[WhiteElo "1362"]
[BlackElo "1499"]
[PlyCount "70"]
[EventDate "2007.05.17"]
[EventType "team-tourn"]
[EventRounds "7"]
[EventCountry "GER"]
[SourceTitle "EXT 2008"]
[Source "ChessBase"]
[SourceDate "2007.11.25"]
[SourceVersion "1"]
[SourceVersionDate "2007.11.25"]
[SourceQuality "1"]

1. e4 c6 2. d4 d5 3. Nc3 dxe4 4. Nxe4 Bf5 5. Ng3 Bg6 6. h4 h6 7. h5 Bh7 8. Nf3 Nf6 9. Bd3 Bxd3 10. Qxd3 Nbd7 11. Bf4 Nd5 12. Bd2 Qb6 13. Rb1 e6 14. 0-0 Bd6 15. Ne4 Be7 16. c4 N5f6 17. c5 Qc7 18. Ng3 Nd5 19. Qe4 N7f6 20. Qe5 Qd7 21. Bf4 Nxf4 22. Qxf4 Nd5 23. Qe4 Nf6 24. Qe5 0-0 25. Rbd1 Bd8 26. Qe3 Qd5 27. Qb3 Qxb3 28. axb3 Bc7 29. Ne5 Rfd8 30. Rfe1 Rd5 31. f4 Rad8 32. Ne2 Nxh5 33. g4 Nf6 34. Kg2 Bxe5 35. fxe5 Nxg4 0-1

[Event "Niedersachsen-ch U12"]
[Site "Rotenburg/Wuemme"]
[Date "2007.04.01"]
[Round "2"]
[White "Thumulka, Patrick"]
[Black "Bounine, Daniel"]
[Result "1-0"]
[WhiteElo "1540"]
[BlackElo "1302"]
[PlyCount "60"]
[EventDate "2007.03.31"]
[EventType "swiss"]
[EventRounds "11"]
[EventCountry "GER"]
[SourceTitle "EXT 2008"]
[Source "ChessBase"]
[SourceDate "2007.11.25"]
[SourceVersion "1"]
[SourceVersionDate "2007.11.25"]
[SourceQuality "1"]

1. c4 e5 2. Nc3 Nc6 3. g3 g6 4. Bg2 Bg7 5. Nf3 Nf6 6. d3 d6 7. 0-0 0-0 8. Bd2 Be6 9. a3 a5 10. Rb1 d5 11. cxd5 Nxd5 12. Qc2 Rb8 13. Kh1 f5 14. Ng5 Nd4 15. Nxe6 Nxc2 16. Nxd8 Nxc3 17. Ne6 Nxb1 18. Rxb1 Rfe8 19. Nxg7 Kxg7 20. e3 Nxa3 21. bxa3 b6 22. Bc6 Re7 23. Bxa5 Re6 24. Bd5 Rd6 25. e4 c6 26. Bb4 Rf6 27. Bc4 b5 28. Be7 Ra8 29. Bb3 Rxa3 30. Bxf6+ Kxf6 1-0